000 00532nam a2200217Ia 4500
003 OSt
005 20220928151103.0
006 a|||||r|||| 00| 0
007 ta
008 220927b |||||||| |||| 00| 0 eng d
024 _a112532
037 _cTextual
040 _aSDCL
_cSDCL
_beng
041 _2eng
_aeng
082 _aO152,3 N :g, K 8
100 _aShrivastava
_9397562
245 0 _aHindi Upanayas
260 _c1968
942 _hO152,3 N :g, K 8
_cTEXL
_2CC
999 _c848985
_d848985